The world of gender justice : (Record no. 3467)
[ view plain ]
| 000 -LEADER | |
|---|---|
| fixed length control field | 00474nam a2200157 4500 |
| 001 - CONTROL NUMBER | |
| control field | 4217 |
| 005 - DATE AND TIME OF LATEST TRANSACTION | |
| control field | 20181127172907.0 |
| 020 00 - INTERNATIONAL STANDARD BOOK NUMBER | |
| International Standard Book Number | 8124106096 |
| 090 00 - LOCALLY ASSIGNED LC-TYPE CALL NUMBER (OCLC); LOCAL CALL NUMBER (RLIN) | |
| Classification number (OCLC) (R) ; Classification number, CALL (RLIN) (NR) | 342.540878 B5752w 2008 |
| 245 00 - TITLE STATEMENT | |
| Title | The world of gender justice : |
| Remainder of title | Justice sunanda bhandare foundation / |
| Statement of responsibility, etc. | Edited by Murlidhar C. Bhandare. |
| Medium | |
| 260 00 - PUBLICATION, DISTRIBUTION, ETC. | |
| Place of publication, distribution, etc. | New Delhi : |
| Name of publisher, distributor, etc. | Har-Anand, |
| Date of publication, distribution, etc. | 2008. |
| 300 00 - PHYSICAL DESCRIPTION | |
| Extent | 284 p. 26 cm. |
| 650 00 - SUBJECT ADDED ENTRY--TOPICAL TERM | |
| Topical term or geographic name entry element | India. |
| General subdivision | |
| Topical term or geographic name entry element | Women --Legal status, laws, etc. |
| General subdivision | |
| Topical term or geographic name entry element | Women's rights. |
| General subdivision | |
| Withdrawn status | Lost status | Source of classification or shelving scheme | Damaged status | Not for loan | Collection code | Home library | Current library | Shelving location | Date acquired | Serial Enumeration / chronology | Inventory number | Total Checkouts | Full call number | Barcode | Date last seen | Date last checked out | Price effective from | Koha item type |
|---|---|---|---|---|---|---|---|---|---|---|---|---|---|---|---|---|---|---|
| Dewey Decimal Classification | Main TEST | RTC Library | RTC Library | Main opac | 29/03/2021 | 7073 | 1 | 342.540878 BHA | 30009830 | 06/04/2021 | 29/03/2021 | 27/11/2018 | Main |